[Event "Juste pour jouer"]
[Site "Montreal CAN"]
[Date "2012.10.07"]
[Round "5"]
[White "Brule, Daniel"]
[Black "Tinica, Gabriel"]
[Result "1/2-1/2"]
[WhiteElo "1538"]
[BlackElo "958"]
[PlyCount "58"]
[GameId "2160767909444910"]
[EventDate "2012.10.05"]
[EventType "swiss"]
[EventRounds "7"]
[EventCountry "CAN"]
[SourceTitle "EXT 2022"]
[Source "ChessBase"]
[SourceDate "2021.10.06"]
[SourceVersion "1"]
[SourceVersionDate "2021.10.06"]
[SourceQuality "1"]

1. d4 Nf6 2. Nf3 g6 3. g3 Bg7 4. c4 O-O 5. Bg2 d6 6. Nc3 Nc6 7. a3 e5 8. d5 Ne7 9. Nd2 Nd7 10. e4 f5 11. exf5 Nxf5 12. Nde4 Nf6 13. Bg5 Qd7 14. Nxf6+ Bxf6 15. Bxf6 Rxf6 16. Ne4 Rf8 17. O-O Nd4 18. f4 Qe7 19. fxe5 dxe5 20. Rxf8+ Qxf8 21. Qd3 Bg4 22. Rf1 Ne2+ 23. Kh1 Qc8 24. Nf6+ Kg7 25. Nxg4 Qxg4 26. Bf3 Nxg3+ 27. hxg3 Qh3+ 28. Kg1 Qxg3+ 29. Kh1 Qh3+ 1/2-1/2

[Event "Juste pour jouer"]
[Site "Montreal CAN"]
[Date "2012.10.07"]
[Round "5"]
[White "Bureau, Robert"]
[Black "Kay, Sang Kill"]
[Result "0-1"]
[WhiteElo "1357"]
[BlackElo "1567"]
[PlyCount "86"]
[GameId "2160767909444911"]
[EventDate "2012.10.05"]
[EventType "swiss"]
[EventRounds "7"]
[EventCountry "CAN"]
[SourceTitle "EXT 2022"]
[Source "ChessBase"]
[SourceDate "2021.10.06"]
[SourceVersion "1"]
[SourceVersionDate "2021.10.06"]
[SourceQuality "1"]

1. e4 e5 2. Nf3 Nc6 3. Bc4 Nf6 4. d4 exd4 5. O-O Bc5 6. e5 Ng4 7. Bf4 Na5 8. Bd3 d6 9. exd6 cxd6 10. Re1+ Be6 11. Ng5 Ne5 12. Nxe6 fxe6 13. Bxe5 dxe5 14. Rxe5 Qb6 15. Nd2 O-O-O 16. Nb3 Nxb3 17. cxb3 Bd6 18. Rc1+ Kb8 19. Rb5 Qa6 20. Rb4 Qxa2 21. Ra4 Qxb2 22. Rb1 Qc3 23. Rc4 Qa5 24. Ra1 Qb6 25. Qc2 Rc8 26. Rc1 Rxc4 27. Bxc4 Rc8 28. Qxh7 Qxb3 29. Qc2 Qxc2 30. Rxc2 b5 31. Bd3 Rxc2 32. Bxc2 a5 33. Kf1 Kc7 34. Ke2 Kb6 35. Bb3 e5 36. Kd3 Kc5 37. h4 a4 38. Bc2 b4 39. g4 b3 40. Kd2 Kb4 41. Kc1 Kc3 42. Kb1 a3 43. Bg6 d3 0-1

[Event "Juste pour jouer"]
[Site "Montreal CAN"]
[Date "2012.10.07"]
[Round "5"]
[White "Dubois, Lorraine"]
[Black "Montreuil, Carl"]
[Result "1-0"]
[WhiteElo "1090"]
[BlackElo "1211"]
[PlyCount "81"]
[GameId "2160767909444912"]
[EventDate "2012.10.05"]
[EventType "swiss"]
[EventRounds "7"]
[EventCountry "CAN"]
[SourceTitle "EXT 2022"]
[Source "ChessBase"]
[SourceDate "2021.10.06"]
[SourceVersion "1"]
[SourceVersionDate "2021.10.06"]
[SourceQuality "1"]

1. d4 Nf6 2. c4 c5 3. d5 b5 4. cxb5 a6 5. bxa6 Bxa6 6. Nc3 g6 7. g3 d6 8. Bg2 Bg7 9. Nf3 Nbd7 10. O-O O-O 11. Re1 Bb7 12. e4 e6 13. dxe6 fxe6 14. Qxd6 Ra6 15. Qd1 Qc7 16. Bh3 Rd6 17. Qc2 Qb6 18. Ng5 Ne5 19. Bf4 Neg4 20. Bxd6 Qxd6 21. Qe2 Ba6 22. e5 Qc6 23. Bg2 Nd5 24. Qxg4 Bc8 25. Qe4 Qb6 26. Nxd5 exd5 27. Qxd5+ Kh8 28. Nf7+ Kg8 29. Nd6+ Kh8 30. Nc4 Qa6 31. Qxc5 Bb7 32. Bxb7 Qxb7 33. Rab1 Qf3 34. Qe3 Qg4 35. e6 h5 36. Qe4 Bd4 37. Qxg4 Bxf2+ 38. Kg2 hxg4 39. Rf1 Rc8 40. Nd6 Rc2 41. Rxf2 1-0

[Event "Juste pour jouer"]
[Site "Montreal CAN"]
[Date "2012.10.07"]
[Round "5"]
[White "Lemieux, Serge"]
[Black "Saha, Ananda"]
[Result "0-1"]
[WhiteElo "1589"]
[BlackElo "1559"]
[PlyCount "34"]
[GameId "2160767909444913"]
[EventDate "2012.10.05"]
[EventType "swiss"]
[EventRounds "7"]
[EventCountry "CAN"]
[SourceTitle "EXT 2022"]
[Source "ChessBase"]
[SourceDate "2021.10.06"]
[SourceVersion "1"]
[SourceVersionDate "2021.10.06"]
[SourceQuality "1"]

1. d4 d5 2. Nf3 Nf6 3. c4 e6 4. Bg5 Be7 5. Nc3 O-O 6. e3 Nbd7 7. Bd3 dxc4 8. Bxc4 b6 9. Rc1 Bb7 10. Bd3 h6 11. Bf4 c5 12. e4 cxd4 13. Nb5 Nxe4 14. Bxe4 Bxe4 15. Bc7 Bb4+ 16. Nd2 Qg5 17. Rg1 Qxb5 0-1

[Event "Juste pour jouer"]
[Site "Montreal CAN"]
[Date "2012.10.07"]
[Round "5"]
[White "Perna-Fraser, David"]
[Black "Serban, Diana"]
[Result "1/2-1/2"]
[WhiteElo "1887"]
[BlackElo "1119"]
[PlyCount "85"]
[GameId "2160767909444914"]
[EventDate "2012.10.05"]
[EventType "swiss"]
[EventRounds "7"]
[EventCountry "CAN"]
[SourceTitle "EXT 2022"]
[Source "ChessBase"]
[SourceDate "2021.10.06"]
[SourceVersion "1"]
[SourceVersionDate "2021.10.06"]
[SourceQuality "1"]

1. e4 c5 2. d4 cxd4 3. c3 d3 4. Nf3 d6 5. Bxd3 g6 6. Be3 Nf6 7. Nbd2 Bg7 8. Qc2 Nc6 9. h3 Qc7 10. Nb3 d5 11. exd5 Nxd5 12. Nfd4 Nxe3 13. fxe3 Nxd4 14. Nxd4 Qg3+ 15. Qf2 Qxf2+ 16. Kxf2 O-O 17. Rad1 Rd8 18. Rhf1 Rd6 19. Ke2 Rf6 20. Rxf6 Bxf6 21. Be4 Rb8 22. Nb5 Be6 23. Bd5 Bxd5 24. Rxd5 a6 25. Nd4 e6 26. Rd7 Kf8 27. Nb3 Be7 28. Na5 b6 29. Nc6 Re8 30. Nxe7 Rxe7 31. Rd8+ Re8 32. Rxe8+ Kxe8 33. Kd3 Kd7 34. a4 b5 35. axb5 axb5 36. c4 bxc4+ 37. Kxc4 Kc6 38. b4 Kb6 39. g4 f5 40. g5 e5 41. b5 f4 42. exf4 exf4 43. Kd4 1/2-1/2

[Event "Juste pour jouer"]
[Site "Montreal CAN"]
[Date "2012.10.07"]
[Round "5"]
[White "Rodrigue-Lemieux, Shawn"]
[Black "Labadie, Bernard"]
[Result "1-0"]
[WhiteElo "1138"]
[BlackElo "1290"]
[PlyCount "103"]
[GameId "2160767909444915"]
[EventDate "2012.10.05"]
[EventType "swiss"]
[EventRounds "7"]
[EventCountry "CAN"]
[SourceTitle "EXT 2022"]
[Source "ChessBase"]
[SourceDate "2021.10.06"]
[SourceVersion "1"]
[SourceVersionDate "2021.10.06"]
[SourceQuality "1"]

1. e4 c5 2. Nf3 d6 3. d4 cxd4 4. Qxd4 Nc6 5. Bb5 Bd7 6. Bxc6 Bxc6 7. Bg5 Qc7 8. Nc3 f6 9. Bh4 e6 10. O-O-O Nh6 11. Qc4 Qd7 12. Nd4 Kf7 13. h3 Re8 14. f4 Ke7 15. e5 d5 16. Qc5+ Kf7 17. Qxa7 Bb4 18. Nde2 Ra8 19. Qf2 Nf5 20. exf6 gxf6 21. g4 Nxh4 22. Qxh4 Bxc3 23. Nxc3 d4 24. Qh5+ Kg7 25. Rhg1 Qd6 26. Rgf1 Qd8 27. g5 f5 28. Qh6+ Kf7 29. Rfe1 Qe7 30. Rxd4 Rag8 31. Nb1 Rg6 32. Qh5 Qc5 33. Rd2 Qc4 34. Rf2 Qxa2 35. Rfe2 Kg7 36. Qh4 Rc8 37. Qf2 Be4 38. Qd4+ Kg8 39. h4 Rg7 40. h5 Rgc7 41. Na3 Qb3 42. Rxe4 Rxc2+ 43. Kb1 fxe4 44. g6 R2c7 45. gxh7+ Kxh7 46. Qxe4+ Kh8 47. Qe5+ Kh7 48. Qe4+ Kh8 49. Qg6 Rg7 50. Qh6+ Rh7 51. Qf6+ Rg7 52. h6 1-0

[Event "Juste pour jouer"]
[Site "Montreal CAN"]
[Date "2012.10.07"]
[Round "5"]
[White "Sonn, Eric"]
[Black "Yip, Mattew"]
[Result "0-1"]
[WhiteElo "1543"]
[BlackElo "1250"]
[PlyCount "82"]
[GameId "2160767909444916"]
[EventDate "2012.10.05"]
[EventType "swiss"]
[EventRounds "7"]
[EventCountry "CAN"]
[SourceTitle "EXT 2022"]
[Source "ChessBase"]
[SourceDate "2021.10.06"]
[SourceVersion "1"]
[SourceVersionDate "2021.10.06"]
[SourceQuality "1"]

1. e4 c5 2. Nf3 d6 3. b4 cxb4 4. d4 Nc6 5. a3 bxa3 6. Bxa3 Nf6 7. Bd3 Bg4 8. c3 e6 9. Nbd2 Be7 10. Qb3 Rb8 11. Bb2 O-O 12. c4 a5 13. O-O Nb4 14. Bb1 b6 15. e5 Nd7 16. exd6 Bxd6 17. Ne4 Bxf3 18. Qxf3 Be7 19. h4 Bxh4 20. g3 Be7 21. Kg2 Nf6 22. Ng5 h6 23. Ne4 Qc7 24. d5 Nh7 25. Qg4 e5 26. Rh1 f5 27. Qg6 fxe4 28. Rxh6 Ng5 29. d6 Qc5 30. Bxe4 Rxf2+ 31. Kh1 Rf6 32. Qxg5 Rxh6+ 33. Qxh6 gxh6 34. dxe7 Qxe7 35. Re1 Qg5 36. Bc3 Rf8 37. Kg2 Na2 38. Bd5+ Kg7 39. Bxe5+ Rf6 40. Re2 Nb4 41. Be6 Nd3 0-1

[Event "Juste pour jouer"]
[Site "Montreal CAN"]
[Date "2012.10.07"]
[Round "5"]
[White "Tinica, Sabina"]
[Black "Luo, Muhan"]
[Result "1-0"]
[WhiteElo "1099"]
[BlackElo "1447"]
[PlyCount "147"]
[GameId "2160767909444917"]
[EventDate "2012.10.05"]
[EventType "swiss"]
[EventRounds "7"]
[EventCountry "CAN"]
[SourceTitle "EXT 2022"]
[Source "ChessBase"]
[SourceDate "2021.10.06"]
[SourceVersion "1"]
[SourceVersionDate "2021.10.06"]
[SourceQuality "1"]

1. d4 Nf6 2. c4 e6 3. Nf3 d5 4. Bg5 Be7 5. e3 c6 6. Be2 Nbd7 7. O-O O-O 8. Nc3 b6 9. Qc2 Bb7 10. cxd5 cxd5 11. Rac1 Rc8 12. Rfd1 Ne4 13. Bxe7 Qxe7 14. Qd3 Ndf6 15. Ne5 Nxc3 16. bxc3 Rc7 17. Rd2 Rfc8 18. Rdc2 Qa3 19. c4 Qxd3 20. Bxd3 Ba6 21. cxd5 Rxc2 22. Rxc2 Rxc2 23. Bxc2 Nxd5 24. Nc6 Bc4 25. Bb3 Bxb3 26. axb3 a5 27. Kf1 Kf8 28. Ke2 Ke8 29. Kd3 b5 30. Nxa5 Kd7 31. Nb7 Kc7 32. Nc5 Kc6 33. Kc2 e5 34. g3 Kd6 35. Kd3 f5 36. f3 Nb4+ 37. Kc3 Nc6 38. Nd3 exd4+ 39. exd4 Ne7 40. Nb4 g6 41. Nc2 Nd5+ 42. Kb2 h6 43. Ka3 g5 44. Nb4 Nc3 45. Nc2 Nd5 46. Nb4 Nc3 47. Kb2 Ne2 48. Ka3 Nxd4 49. f4 Nf3 50. fxg5 hxg5 51. h3 Ng1 52. h4 gxh4 53. gxh4 f4 54. Nd3 f3 55. h5 Nh3 56. h6 Ng5 57. Kb4 Kc6 58. Ne5+ Kb6 59. Nxf3 Nh7 60. Nd4 Ka6 61. Nxb5 Kb6 62. Nd4 Nf8 63. Ne6 Nh7 64. Kc4 Nf6 65. b4 Nh7 66. Nf4 Nf8 67. Nd5+ Kb7 68. Kb5 Nh7 69. Kc5 Ka6 70. Kc6 Ka7 71. b5 Kb8 72. Kb6 Kc8 73. Ka7 Ng5 74. b6 1-0

[Event "Juste pour jouer"]
[Site "Montreal CAN"]
[Date "2012.10.07"]
[Round "5"]
[White "Vera, Jesus"]
[Black "Spaulding, Derrick"]
[Result "0-1"]
[WhiteElo "1332"]
[BlackElo "1396"]
[PlyCount "126"]
[GameId "2160767909444918"]
[EventDate "2012.10.05"]
[EventType "swiss"]
[EventRounds "7"]
[EventCountry "CAN"]
[SourceTitle "EXT 2022"]
[Source "ChessBase"]
[SourceDate "2021.10.06"]
[SourceVersion "1"]
[SourceVersionDate "2021.10.06"]
[SourceQuality "1"]

1. c4 e5 2. Nc3 Nf6 3. e4 Bb4 4. d3 O-O 5. Bd2 d6 6. Nge2 c5 7. a3 Ba5 8. Rb1 Nc6 9. g3 Bg4 10. Bg2 Qd7 11. h3 Be6 12. Nd5 Bxd2+ 13. Qxd2 h6 14. Nxf6+ gxf6 15. Qxh6 Qe7 16. g4 Rfd8 17. Ng3 Qf8 18. Qxf6 Ne7 19. Qg5+ Ng6 20. Nf5 Kh7 21. Qh5+ Kg8 22. Nh6+ Kg7 23. Qg5 Qh8 24. Nf5+ Kf8 25. h4 Rd7 26. Kd2 a5 27. h5 Nf4 28. Bf3 Bxf5 29. exf5 f6 30. Qh4 Qh6 31. Kc2 Rb8 32. Rbg1 Rg7 33. Rg3 Rg5 34. Qh2 b5 35. cxb5 Rxb5 36. Kc3 Rg7 37. Rc1 d5 38. Qh4 Rgb7 39. Rb1 Rb3+ 40. Kc2 Rxd3 41. g5 fxg5 42. Qxg5 Qxg5 43. Rxg5 Rxf3 44. Rf1 Rh7 45. Rh1 Rxf2+ 46. Kb3 Rb7+ 47. Ka4 Rfxb2 48. Rhg1 Rf7 49. h6 Rh2 50. Rg8+ Ke7 51. Rb1 Kf6 52. Rb6+ Kxf5 53. Rg1 Rh7 54. Kxa5 R7xh6 55. Rbb1 c4 56. Kb5 c3 57. a4 Rb2+ 58. Rxb2 cxb2 59. a5 Rh3 60. Ka4 Rc3 61. a6 Rc1 62. a7 Rxg1 63. a8=Q Ra1+ 0-1

[Event "Juste pour jouer"]
[Site "Montreal CAN"]
[Date "2012.10.07"]
[Round "5"]
[White "Wang, Kelly"]
[Black "Ouellet, Maili-Jade"]
[Result "1-0"]
[WhiteElo "1683"]
[BlackElo "1351"]
[PlyCount "69"]
[GameId "2160767909444919"]
[EventDate "2012.10.05"]
[EventType "swiss"]
[EventRounds "7"]
[EventCountry "CAN"]
[SourceTitle "EXT 2022"]
[Source "ChessBase"]
[SourceDate "2021.10.06"]
[SourceVersion "1"]
[SourceVersionDate "2021.10.06"]
[SourceQuality "1"]

1. e4 c5 2. Nf3 Nc6 3. d4 cxd4 4. Nxd4 e6 5. Nb3 Nf6 6. Bd3 Be7 7. Nc3 O-O 8. a3 Ne5 9. O-O Nxd3 10. Qxd3 b6 11. Re1 Bb7 12. e5 Nd5 13. Nxd5 Bxd5 14. c4 Bb7 15. Rd1 Bc6 16. Nd4 Qc7 17. Qg3 Rfd8 18. Bg5 Bxg5 19. Qxg5 Be4 20. Rac1 h6 21. Qf4 Bc6 22. h3 a6 23. Rd3 Rf8 24. Rcc3 Kh7 25. Rg3 Bb7 26. Rg4 f6 27. Rcg3 Rf7 28. Rxg7+ Rxg7 29. Rxg7+ Kxg7 30. exf6+ Kf7 31. Qxc7 Bc8 32. Qf4 Bb7 33. Qxh6 Rg8 34. Qh7+ Kf8 35. Qe7# 1-0

[Event "Juste pour jouer"]
[Site "Montreal CAN"]
[Date "2012.10.07"]
[Round "5"]
[White "Zhou, Jiehan"]
[Black "Utepova, Alika"]
[Result "1-0"]
[WhiteElo "1811"]
[BlackElo "1351"]
[PlyCount "61"]
[GameId "2160767909444920"]
[EventDate "2012.10.05"]
[EventType "swiss"]
[EventRounds "7"]
[EventCountry "CAN"]
[SourceTitle "EXT 2022"]
[Source "ChessBase"]
[SourceDate "2021.10.06"]
[SourceVersion "1"]
[SourceVersionDate "2021.10.06"]
[SourceQuality "1"]

1. e4 c5 2. Nf3 d6 3. d4 cxd4 4. Nxd4 Nf6 5. Nc3 a6 6. Bc4 b5 7. Bb3 Bb7 8. f3 e6 9. Be3 Be7 10. Qd2 d5 11. exd5 Nxd5 12. Nxd5 Bxd5 13. O-O-O Nc6 14. Nf5 Bxb3 15. Nxg7+ Kf8 16. Qc3 Bd5 17. Nxe6+ fxe6 18. Qxh8+ Kf7 19. Qxh7+ Ke8 20. Qh5+ Kd7 21. Rxd5+ exd5 22. Rd1 Kc7 23. Rxd5 Qg8 24. Bf4+ Kb6 25. Be3+ Kc7 26. Bf4+ Kb6 27. Qf5 Qxg2 28. Be3+ Ka5 29. Qd7 Nb4 30. Qc7+ Ka4 31. b3+ 1-0

[Event "Juste pour jouer"]
[Site "Montreal CAN"]
[Date "2012.10.07"]
[Round "5.17"]
[White "Morin, Louis"]
[Black "Lalumiere, Claude"]
[Result "1/2-1/2"]
[WhiteElo "1855"]
[BlackElo "1788"]
[PlyCount "160"]
[GameId "2160767909444921"]
[EventDate "2012.10.05"]
[EventType "swiss"]
[EventRounds "7"]
[EventCountry "CAN"]
[SourceTitle "EXT 2022"]
[Source "ChessBase"]
[SourceDate "2021.10.06"]
[SourceVersion "1"]
[SourceVersionDate "2021.10.06"]
[SourceQuality "1"]

1. e4 c5 2. d4 cxd4 3. c3 d3 4. c4 d6 5. Nc3 Nc6 6. Bxd3 g6 7. Nge2 Nf6 8. f3 Bg7 9. Be3 Bd7 10. Qd2 Ne5 11. b3 Nxd3+ 12. Qxd3 a6 13. Rc1 Qa5 14. O-O Bc6 15. Qd2 b5 16. Nd5 Qxd2 17. Bxd2 Bxd5 18. cxd5 Nd7 19. Be3 Bb2 20. Rc2 Ba3 21. Bd4 Rg8 22. Kf2 Nc5 23. Ke3 Bb4 24. Rfc1 Kd7 25. Bc3 Bxc3 26. Nxc3 Rgc8 27. b4 Nb7 28. a3 Nd8 29. a4 Rc4 30. axb5 axb5 31. Nxb5 Rxb4 32. Nd4 Ra3+ 33. Rc3 Rxc3+ 34. Rxc3 Rb2 35. Rc2 Rxc2 36. Nxc2 Nb7 37. Kf4 h6 38. g4 Nc5 39. h4 Nd3+ 40. Kg3 Ke8 41. Nd4 Nc5 42. h5 Kf8 43. hxg6 fxg6 44. Kh4 Kf7 45. g5 h5 46. Ne2 Kg7 47. Nf4 Kf7 48. Ne2 Nd3 49. f4 Ne1 50. Kg3 Nd3 51. f5 Nc5 52. Kf3 Nd3 53. Nf4 Ne5+ 54. Kg3 h4+ 55. Kxh4 Nf3+ 56. Kg4 Ne5+ 57. Kg3 gxf5 58. exf5 Nd7 59. Kh4 Nb6 60. Kh5 Kg7 61. Ng6 Kf7 62. Nf4 Kg7 63. Kg4 Nd7 64. Nh5+ Kg8 65. g6 Nb6 66. Nf4 Nd7 67. Kg5 Nf6 68. Kh4 Ne8 69. Ne6 Nf6 70. Nf4 Ne4 71. Kh5 Nf6+ 72. Kg5 Ne4+ 73. Kg4 Nf6+ 74. Kf3 Kg7 75. Ke3 Kh6 76. Ne6 Nxd5+ 77. Kd4 Nf6 78. Kc4 Ng4 79. Kb5 Ne3 80. Nd4 Nxf5 1/2-1/2

[Event "Juste pour jouer"]
[Site "Montreal CAN"]
[Date "2012.10.07"]
[Round "5.18"]
[White "Lalonde, Paul"]
[Black "Alcantara, Maximo"]
[Result "1-0"]
[WhiteElo "1888"]
[BlackElo "1866"]
[PlyCount "77"]
[GameId "2160767909444922"]
[EventDate "2012.10.05"]
[EventType "swiss"]
[EventRounds "7"]
[EventCountry "CAN"]

1. e4 Nf6 2. Nc3 d5 3. e5 Nfd7 4. d4 c5 5. Nf3 e6 6. dxc5 Bxc5 7. Bd3 Nc6 8. Bf4 Qb6 9. O-O Qxb2 10. Na4 Qb4 11. Nxc5 Nxc5 12. Bd2 Qg4 13. Be2 Qe4 14. Re1 Bd7 15. Bb5 Qg4 16. h3 Qf5 17. g4 Qg6 18. Nh4 Qe4 19. Rxe4 Nxe4 20. Bxc6 Bxc6 21. f3 Nxd2 22. Qxd2 O-O 23. Qd4 Rfc8 24. Rb1 b5 25. f4 a5 26. f5 b4 27. f6 Ba4 28. Qd2 h6 29. Rb2 Rc4 30. Nf3 Rac8 31. Nd4 Rc3 32. Kg2 Ra3 33. g5 Rcc3 34. Nb3 Bc6 35. gxh6 d4+ 36. Kh2 Be4 37. hxg7 Bf5 38. Qxd4 Rxh3+ 39. Kg2 1-0

[Event "Juste pour jouer"]
[Site "Montreal CAN"]
[Date "2012.10.07"]
[Round "5.19"]
[White "Yip, William"]
[Black "Turcotte, Jonathan"]
[Result "0-1"]
[WhiteElo "1629"]
[BlackElo "1907"]
[PlyCount "98"]
[GameId "2160767909444923"]
[EventDate "2012.10.05"]
[EventType "swiss"]
[EventRounds "7"]
[EventCountry "CAN"]
[SourceTitle "EXT 2022"]
[Source "ChessBase"]
[SourceDate "2021.10.06"]
[SourceVersion "1"]
[SourceVersionDate "2021.10.06"]
[SourceQuality "1"]

1. d4 d5 2. c4 c6 3. e3 Nf6 4. Nc3 e6 5. Nf3 Nbd7 6. Be2 dxc4 7. Bxc4 b5 8. Be2 a6 9. O-O Bb7 10. a3 c5 11. dxc5 Nxc5 12. b4 Ncd7 13. Bb2 Be7 14. Qb3 Nd5 15. Rfd1 O-O 16. Rac1 Rc8 17. h3 Qb6 18. Nxd5 Bxd5 19. Qd3 Bf6 20. Bd4 Qb7 21. Bxf6 Nxf6 22. Qd4 h6 23. Ne1 Bb3 24. Rxc8 Rxc8 25. Rb1 Bd5 26. Bf3 Bxf3 27. Nxf3 Qd5 28. Qb6 Qa2 29. Rd1 Qxa3 30. Ne5 Nd5 31. Qb7 Rc7 32. Qb8+ Kh7 33. Kh2 Qc3 34. Nf3 Rc8 35. Qb7 Qc7+ 36. Qxc7 Rxc7 37. Rb1 Rc4 38. Ne5 Rxb4 39. Rxb4 Nxb4 40. Nxf7 Nd3 41. Kg1 b4 42. Nd6 b3 43. Nc4 b2 44. Nd2 a5 45. Kf1 a4 46. Nb1 Ne5 47. Ke2 Nc4 48. Kd3 a3 49. Kc2 a2 0-1

[Event "Juste pour jouer"]
[Site "Montreal CAN"]
[Date "2012.10.07"]
[Round "5.20"]
[White "Lacroix, Serge"]
[Black "Heredia, Jose"]
[Result "1/2-1/2"]
[WhiteElo "1784"]
[BlackElo "1508"]
[PlyCount "102"]
[GameId "2160767909444924"]
[EventDate "2012.10.05"]
[EventType "swiss"]
[EventRounds "7"]
[EventCountry "CAN"]
[SourceTitle "EXT 2022"]
[Source "ChessBase"]
[SourceDate "2021.10.06"]
[SourceVersion "1"]
[SourceVersionDate "2021.10.06"]
[SourceQuality "1"]

1. e4 c6 2. d4 d5 3. Nc3 dxe4 4. Nxe4 Nd7 5. Nf3 Ngf6 6. Nxf6+ Nxf6 7. c4 Bf5 8. Bd3 Bxd3 9. Qxd3 e6 10. Bd2 Be7 11. O-O-O O-O 12. Bc3 Qc7 13. g3 Rfb8 14. Kd2 b5 15. b3 b4 16. Bb2 a5 17. Ng5 h6 18. Ne4 a4 19. Ke2 Nxe4 20. Qxe4 axb3 21. axb3 Ra2 22. Rd2 Bf6 23. Ra1 Rba8 24. Rxa2 Rxa2 25. c5 Qd7 26. f4 Kf8 27. Qb1 Ra7 28. Qe4 Qd5 29. Qxd5 exd5 30. Kd3 Re7 31. Rd1 Ra7 32. Ra1 Rxa1 33. Bxa1 g5 34. Bb2 gxf4 35. gxf4 Kg7 36. Bc1 Kg6 37. Bd2 Kf5 38. Bxb4 Bd8 39. Be1 Kg4 40. f5 Bc7 41. Bg3 Ba5 42. f6 h5 43. Ke2 h4 44. Be5 Kf5 45. Kf3 Bd2 46. h3 Bc3 47. Ke3 Bb4 48. Bc7 Bc3 49. Be5 Ba5 50. Kf3 Bd2 51. Bc7 Bb4 1/2-1/2

[Event "Juste pour jouer"]
[Site "Montreal CAN"]
[Date "2012.10.08"]
[Round "6"]
[White "Dubois, Lorraine"]
[Black "Sonn, Eric"]
[Result "0-1"]
[WhiteElo "1090"]
[BlackElo "1543"]
[PlyCount "78"]
[GameId "2160767909444926"]
[EventDate "2012.10.05"]
[EventType "swiss"]
[EventRounds "7"]
[EventCountry "CAN"]
[SourceTitle "EXT 2022"]
[Source "ChessBase"]
[SourceDate "2021.10.06"]
[SourceVersion "1"]
[SourceVersionDate "2021.10.06"]
[SourceQuality "1"]

1. d4 d6 2. c4 Nf6 3. Nc3 g6 4. e4 Bg7 5. Nf3 O-O 6. Be2 e5 7. O-O Nc6 8. Rb1 Bg4 9. d5 Ne7 10. b4 Nd7 11. a4 f5 12. h3 fxe4 13. Nxe4 Bf5 14. Bd3 Nf6 15. Nxf6+ Bxf6 16. Bxf5 gxf5 17. Bg5 Ng6 18. Bxf6 Qxf6 19. Qd2 f4 20. Rfc1 Nh4 21. Nxh4 Qxh4 22. c5 f3 23. Qe3 Rf6 24. cxd6 cxd6 25. Rc7 Raf8 26. Rbc1 Rg6 27. Rc8 Qxh3 28. Rxf8+ Kxf8 29. Rc8+ Qxc8 30. Qxf3+ Kg7 31. g3 Qg4 32. Qc3 Qd1+ 33. Kg2 Qxd5+ 34. Kg1 Rh6 35. Qc7+ Qf7 36. Qc1 Rg6 37. Kf1 Rxg3 38. Qd2 Rg6 39. Qxd6 Rxd6 0-1

[Event "Juste pour jouer"]
[Site "Montreal CAN"]
[Date "2012.10.08"]
[Round "6"]
[White "Johnson-Constantin, Mathieu"]
[Black "Vera, Jesus"]
[Result "1-0"]
[WhiteElo "1464"]
[BlackElo "1332"]
[PlyCount "39"]
[GameId "2160767909444927"]
[EventDate "2012.10.05"]
[EventType "swiss"]
[EventRounds "7"]
[EventCountry "CAN"]
[SourceTitle "EXT 2022"]
[Source "ChessBase"]
[SourceDate "2021.10.06"]
[SourceVersion "1"]
[SourceVersionDate "2021.10.06"]
[SourceQuality "1"]

1. e4 c5 2. Nf3 Nc6 3. Bc4 e6 4. d4 cxd4 5. Nxd4 Nf6 6. Nxc6 bxc6 7. e5 Ng8 8. O-O g6 9. Nc3 Bg7 10. Bf4 Ne7 11. Ne4 O-O 12. Nf6+ Kh8 13. Bg5 Qc7 14. Re1 Nd5 15. Bxd5 cxd5 16. Re3 d6 17. Rh3 Bxf6 18. Bxf6+ Kg8 19. Qd3 dxe5 20. Rxh7 1-0

[Event "Juste pour jouer"]
[Site "Montreal CAN"]
[Date "2012.10.08"]
[Round "6"]
[White "Kay, Sang Kill"]
[Black "Zhou, Jiehan"]
[Result "1-0"]
[WhiteElo "1567"]
[BlackElo "1423"]
[PlyCount "65"]
[GameId "2160767909444928"]
[EventDate "2012.10.05"]
[EventType "swiss"]
[EventRounds "7"]
[EventCountry "CAN"]
[SourceTitle "EXT 2022"]
[Source "ChessBase"]
[SourceDate "2021.10.06"]
[SourceVersion "1"]
[SourceVersionDate "2021.10.06"]
[SourceQuality "1"]

1. d4 Nf6 2. e3 e6 3. Bd3 Be7 4. c3 d5 5. Nd2 Nbd7 6. f4 c5 7. Ngf3 b6 8. O-O O-O 9. Ne5 a5 10. Rf2 Ba6 11. Bc2 cxd4 12. exd4 Qc7 13. g4 Bb7 14. g5 Ne4 15. Nxe4 dxe4 16. Be3 f6 17. Nxd7 Qxd7 18. Qb1 fxg5 19. Bxe4 Bxe4 20. Qxe4 gxf4 21. Rxf4 Bd6 22. Rh4 Rf5 23. Qxa8+ Rf8 24. Qe4 g6 25. d5 e5 26. Rf1 Rxf1+ 27. Kxf1 Qb5+ 28. Qc4 Qxb2 29. Qc8+ Bf8 30. Qe6+ Kh8 31. Qxe5+ Kg8 32. Qe6+ Kh8 33. Bd4+ 1-0

[Event "Juste pour jouer"]
[Site "Montreal CAN"]
[Date "2012.10.08"]
[Round "6"]
[White "Leung, Chin"]
[Black "Zhang, Hou Han"]
[Result "1-0"]
[WhiteElo "1767"]
[BlackElo "1355"]
[PlyCount "87"]
[GameId "2160767909444929"]
[EventDate "2012.10.05"]
[EventType "swiss"]
[EventRounds "7"]
[EventCountry "CAN"]
[SourceTitle "EXT 2022"]
[Source "ChessBase"]
[SourceDate "2021.10.06"]
[SourceVersion "1"]
[SourceVersionDate "2021.10.06"]
[SourceQuality "1"]

1. e4 c5 2. Nf3 d6 3. d4 cxd4 4. Nxd4 a6 5. Be2 Nf6 6. Nc3 g6 7. f4 Bg7 8. e5 dxe5 9. fxe5 Nd5 10. Nxd5 Qxd5 11. Nf3 Qxd1+ 12. Bxd1 Nc6 13. Bf4 O-O 14. O-O Bg4 15. Re1 Rfd8 16. h3 Bf5 17. c3 Rac8 18. Bb3 e6 19. Bg5 Rd7 20. g4 Bd3 21. Rad1 Na5 22. Bc2 Bb5 23. Nd4 Bc6 24. b4 Nc4 25. Nxc6 Rxd1 26. Ne7+ Kf8 27. Rxd1 Re8 28. Bb3 Nxe5 29. Be3 Kxe7 30. Bc5+ Kf6 31. Rf1+ Kg5 32. Be3+ Kh4 33. Kg2 Rc8 34. Bd2 Rd8 35. Be3 Rd3 36. Bf2+ Kg5 37. Bc2 Rd2 38. Kg3 Nxg4 39. hxg4 Be5+ 40. Kh3 Re2 41. Bd3 Rxa2 42. Be3+ Bf4 43. Rxf4 Kh6 44. Rxf7+ 1-0

[Event "Juste pour jouer"]
[Site "Montreal CAN"]
[Date "2012.10.08"]
[Round "6"]
[White "Luo, Jia Yu"]
[Black "Gunn, Richard"]
[Result "0-1"]
[WhiteElo "801"]
[BlackElo "1112"]
[PlyCount "74"]
[GameId "2160767909444930"]
[EventDate "2012.10.05"]
[EventType "swiss"]
[EventRounds "7"]
[EventCountry "CAN"]
[SourceTitle "EXT 2022"]
[Source "ChessBase"]
[SourceDate "2021.10.06"]
[SourceVersion "1"]
[SourceVersionDate "2021.10.06"]
[SourceQuality "1"]

1. e4 c5 2. Nf3 Nc6 3. d4 cxd4 4. Nxd4 d6 5. Nc3 g6 6. Bc4 Bg7 7. Be3 a6 8. O-O Na5 9. Qd3 Nxc4 10. Qxc4 b5 11. Qd5 Bd7 12. Nc6 Qc7 13. Na5 Rc8 14. Nb3 Be6 15. Qd3 Bc4 16. Qd2 Bxf1 17. Rxf1 Bxc3 18. bxc3 Qxc3 19. Qxc3 Rxc3 20. Bd4 Rxc2 21. Bxh8 Rxa2 22. Rc1 f6 23. Rc8+ Kf7 24. h3 Rb2 25. Nd4 Rb1+ 26. Kh2 Rb4 27. Nc6 Rxe4 28. Rc7 Nh6 29. Nd8+ Kg8 30. Nc6 Kxh8 31. Nxe7 Nf5 32. Rc8+ Kg7 33. Nxf5+ gxf5 34. Rc7+ Kg6 35. Rc6 a5 36. Ra6 a4 37. Ra5 Rb4 0-1